Esa muerte en carne viva (Record no. 94330)

MARC details
000 -LEADER
campo de control de longitud fija 00576nam a2200181 i 4500
001 - NÚMERO DE CONTROL
campo de control 94330
003 - IDENTIFICADOR DE NÚMERO DE CONTROL
campo de control ES-MaACL
005 - FECHA Y HORA DE LA ÚLTIMA TRANSACCIÓN
campo de control 20230906181443.0
007 - CAMPO FIJO DE DESCRIPCIÓN FÍSICA--INFORMACIÓN GENERAL
campo de control de longitud fija t|
008 - DATOS DE LONGITUD FIJA--INFORMACIÓN GENERAL
campo de control de longitud fija 050428s1971 pr ||||1| spa d
100 1# - ENTRADA PRINCIPAL--NOMBRE DE PERSONA
Nombre de persona López Vázquez, José.
9 (RLIN) 74018
245 10 - MENCIÓN DEL TÍTULO
Título Esa muerte en carne viva
Resto del título : novela /
Mención de responsabilidad, etc. José López Vázquez; prólogo de Abelardo Díaz Alfaro.
260 ## - PUBLICACIÓN, DISTRIBUCIÓN, ETC.
Lugar de publicación, distribución, etc. Río Piedras (Puerto Rico) :
Nombre del editor, distribuidor, etc. Edil,
Fecha de publicación, distribución, etc. 1971.
300 ## - DESCRIPCIÓN FÍSICA
Extensión 704 p. con 1 lám. ;
Dimensiones 20 cm.
500 ## - NOTA GENERAL
Nota general Retr.aut.
700 1# - ENTRADA AGREGADA--NOMBRE PERSONAL
Nombre de persona Díaz Alfaro, Abelardo.
9 (RLIN) 44164
852 ## - LOCALIZACIÓN
Ubicación ES-MaACL
Número de control de estantería C-39285
Sublocalización o colección R.76874
Holdings
Estatus retirado Estado de pérdida Estado de daño No para préstamo Biblioteca de origen Biblioteca actual Ubicación en estantería Fecha de adquisición Fuente de adquisición Total de préstamos Signatura topográfica completa Código de barras Visto por última vez Precio de reemplazo Tipo de ítem Koha
        Biblioteca del Ateneo de Madrid Biblioteca del Ateneo de Madrid Depósito 2 17/01/2008     C-39285 1098521 23/02/2023 23/02/2023 Libro impreso